<The> Specificity of knowledge management in the food industry in Poland

Analýza (implementácie) znalostného manažmentu v poľskom potravinárskom sektore v období 2007-2013. Zdroje získavania znalostí.

Gespeichert in:
Bibliographische Detailangaben
1. Verfasser: Firlej, Krzysztof
Weitere Verfasser: Żmija, Dariusz
Format: Buchkapitel
Sprache:Englisch
Schlagworte:
Tags: Tag hinzufügen
Keine Tags, Fügen Sie das erste Tag hinzu!

MARC

LEADER 00000naa a2200000 4500
001 0229350
005 20220719115530.6
041 0 |a eng 
044 |a CZ 
245 1 0 |a <The> Specificity of knowledge management in the food industry in Poland  |c Krzysztof Firlej, Dariusz Żmija 
520 |a Analýza (implementácie) znalostného manažmentu v poľskom potravinárskom sektore v období 2007-2013. Zdroje získavania znalostí. 
610 2 0 |a priemysel potravinársky 
610 2 0 |a potravinárstvo 
610 2 0 |a manažment znalostný 
610 2 0 |a kapitál intelektuálny 
610 2 0 |a vedomosti 
610 2 0 |a Poľsko 
610 2 0 |a prieskum 
100 1 |a Firlej, Krzysztof 
700 1 |a Żmija, Dariusz